000 01338nam a2200265Ia 4500
999 _c53734
_d53734
001 20782
003 GE_BSU
005 20210407141037.0
008 181216s||||||||xx |||||||||||||| ||und||
020 _a9780472035311
040 _cGE_BSU
080 _a32(4) C-90
100 _a Cross, Mai'a K. Davis
_911140
245 _aSecurity Integration in Europe - How Knowledge-based Networks Are Transforming the European Union /
_cMai'a K. Davis Cross.
264 _aMichigan :
_bUniv Michigan Press,
_c2013.
300 _a281p. ;
_c23 cm.
500 _aBibl. : p. 251-264, Index. : p. 265-281
541 _h84 Gel.
653 _aSecurity Integration in Europe - How Knowledge-based Networks Are Transforming the European Union
653 _aИнтеграция безопасности в Европе - как сети, основанные на знаниях, трансформируют Европейский Союз
653 _aПолитика
653 _aპოლიტიკა
653 _aუსაფრთხოების ინტეგრაცია ევროპაში - რამდენად ცოდნაზე დაფუძნებული ქსელები ევროკავშირის ტრანსფორმირებას ახდენენ
942 _cBK
_2udc